Zwycięzcy Ligi Mistrzów - Statystyki

Ogólne statystyki
  • Ten quiz został rozwiązany 85 razy
  • Średni wynik to 16 z 23
Statystyki odpowiedzi
Zwycięstw Klub % Poprawnych
5 Barcelona
100%
15 Real Madryt
100%
6 Bayern Monachium
97%
2 Chelsea
97%
6 Liverpool
97%
1 Manchester City
97%
7 A.C. Milan
95%
3 Inter Mediolan
94%
3 Manchester United
92%
2 Porto
84%
2 Juventus
81%
1 Borussia Dortmund
78%
4 Ajax
67%
2 Benfica
59%
1 Marsylia
58%
2 Nottingham Forest
55%
1 Hamburger
44%
1 Aston Villa
42%
1 PSV Eindhoven
41%
1 Celtic
39%
1 Feyenoord
34%
1 Steaua Bukareszt
33%
1 Crvena zvezda Belgrad
23%
Nie znaleziono quizów pasujących do podanych kryteriów
Rozkład punktacji
Procent ludzi z każdym wynikiem
Percentyl według liczby udzielonych odpowiedzi
Twoja historia wyników
Nie rozwiązałeś tego quizu